000 00555cam a2200205ua 4500
020 _c12.00
041 _aeng
_h
082 _a631.42095
_bTAM/SO
100 _aTamhane, R.V .
245 _aSoils: their chemistry and fertility in tropical Asia /
_cR.V.Tamhane.
_hTextual Documents
260 _aNew Delhi :
_bPrentice Hall of India Pvt Ltd. ,
_c1964.
300 _a475 ; .
365 _a12.00
504 _a
700 1 _aBali, Y.P .
700 1 _aDonahue, Roy L .
700 1 _aMotiramani, D.P .
942 _cBK
999 _c9313
_d9313